000 01003cam a2200229 4500
001 WB3547-48
008 000000n1999 000 0 eng u
035 _a(Sirsi) u102969
245 _aFlight of jobs from cities
260 _c1999
490 _aFinancial Times
_v30 November 1999, 5(1)
520 _aThe Town and Country Planning Association has criticised the urban taskforce report for ignoring the issue of jobs. It says the the 'inexorable' exodus of jobs to the suburbs, small towns and rural areas will undermine the urban renaissance, with lifestyle demands reinforcing the counter-urban trend. It advocates compromise by keeping job growth near cities. "The people: where will they work" costs £22.50 and is available on 020 7930 8903.
590 _aWB
650 _aURBAN TASKFORCE
650 _aURBAN RENAISSANCE
650 _aTOWN AND COUNTRY PLANNING ASSOCIATION
650 _aJOBS
650 _aLIFESTYLES
650 _aPLANNING
690 _aURBAN RENEWAL
942 _n0
999 _c61868
_d61868